000 00910nam a2200241 a 4500
001 49164
003 BD-RjUL
005 20211209054637.0
008 160818s1959 bg ||||| |||| 00| 0 ben d
020 _c:Tk.2.50
035 _a(BD-RjUL)49283
040 _aBD-RjUL
_bben
_cBD-RjUL
041 _aben
082 _223
_a891.44109
_bMIR 1959
100 _aমিশ্র, শীহরিহর
_9147809
245 _aরস ও কাব্য /
_cশীহরিহর মিশ্র
260 _aকলিকাতা :
_bক্যালকাটা বুক হাউজ,
_c১৯৫৯
300 _a[১০],৮৯ [৩], ;
_c২১ সেমি.
504 _aগ্রন্থপঞ্জী সংযুক্ত
650 _aবাংলা কবিতা
_vইতিহসা ও সমালোচনা
_9147810
650 _aBengali poetry
_vHistory and criticism
_9117725
942 _2ddc
_cBK
999 _c49164
_d49164